[Event "?"]
[Site "?"]
[Date "2016.08.12"]
[Round "1.28"]
[White "Müdder, Melanie"]
[Black "Michels, Holger"]
[Result "1-0"]
[WhiteElo "1503"]
[BlackElo "1814"]
[PlyCount "77"]
[EventDate "2016.??.??"]
[WhiteTeam "SG Solingen"]
[BlackTeam "SG Mörsdorf-Lahr"]

1. e4 c5 2. Nc3 d6 3. f4 g6 4. Nf3 Bg7 5. Bb5+ Bd7 6. Bc4 e6 7. O-O Ne7 8. Qe1
a6 9. a3 b5 10. Ba2 Nbc6 11. d3 b4 12. Nb1 Rb8 13. axb4 Nxb4 14. Qe2 Qb6 15.
Kh1 Bb5 16. Na3 O-O 17. Nc4 Qc7 18. Bb3 Bxc4 19. Bxc4 d5 20. Bb3 Rfc8 21. c3
Nxd3 22. Qxd3 Rxb3 23. Rxa6 Qb7 24. Ra4 c4 25. Qe3 Qc6 26. Ra7 dxe4 27. Rxe7
exf3 28. Qxf3 Qxf3 29. Rxf3 Ra8 30. Rf1 Ra1 31. Kg1 Bxc3 32. Rd7 Bxb2 33. Rd8+
Kg7 34. Bxb2+ Rxb2 35. Rxa1 c3 36. Rc1 c2 37. Rc8 Rb4 38. g3 Rd4 39. R8xc2 1-0

[Event "?"]
[Site "?"]
[Date "2016.08.13"]
[Round "2.1"]
[White "Suvorov, Alexander"]
[Black "Buscher, Michael"]
[Result "0-1"]
[WhiteElo "2059"]
[BlackElo "2401"]
[PlyCount "69"]
[EventDate "2016.??.??"]
[WhiteTeam "SG Porz"]
[BlackTeam "DJK Aufwärts Aachen"]

1. d4 Nf6 2. c4 e6 3. Nf3 c5 4. d5 b5 5. dxe6 fxe6 6. cxb5 d5 7. Nc3 Nbd7 8.
Bg5 Be7 9. e3 Bb7 10. Be2 O-O 11. O-O Qc7 12. a4 Rae8 13. a5 Ba8 14. b6 axb6
15. a6 e5 16. Nb5 Qc6 17. Rc1 c4 18. Nc3 b5 19. Ra1 Bc5 20. Ne1 d4 21. exd4
exd4 22. Bf3 Qb6 23. Ne2 Ne5 24. Ng3 d3 25. h3 Nxf3+ 26. Nxf3 Ne4 27. Nxe4 Rxe4
28. Be3 Bxe3 29. fxe3 Rxe3 30. Kh1 Re2 31. Nh4 Rff2 32. a7 Rxg2 33. Nxg2 Bxg2+
34. Kh2 Qd6+ 35. Kg1 0-1

[Event "?"]
[Site "?"]
[Date "2016.08.13"]
[Round "2.2"]
[White "Stark, Lars"]
[Black "Heinichen, Nils"]
[Result "1-0"]
[WhiteElo "2379"]
[BlackElo "2113"]
[PlyCount "85"]
[EventDate "2016.??.??"]
[WhiteTeam "Düsseldorfer SK"]
[BlackTeam "SV Würselen"]

1. c4 c6 2. Nf3 Nf6 3. g3 d5 4. Bg2 dxc4 5. O-O Nbd7 6. Na3 Nb6 7. Qc2 Qd5 8.
b3 cxb3 9. axb3 Bg4 10. h3 Bh5 11. d3 e6 12. Nc4 Qd8 13. Na5 Qc8 14. e4 Be7 15.
g4 Bg6 16. Ne5 Nfd7 17. d4 Nxe5 18. dxe5 O-O 19. f4 f6 20. f5 Bf7 21. g5 exf5
22. gxf6 gxf6 23. Bh6 Rd8 24. Qc3 Kh8 25. exf6 Bf8 26. Bxf8 Rxf8 27. Rxf5 Rg8
28. Re5 Rg6 29. Ra2 Qd8 30. Re7 Qd1+ 31. Kh2 Kg8 32. Rd2 Qh5 33. Nxb7 Qg5 34.
Rf2 Rf8 35. Nd6 Qh4 36. Kg1 Qg3 37. Qxg3 Rxg3 38. Nf5 Rg6 39. e5 Bxb3 40. Rxa7
Nd5 41. Kh2 Rf7 42. Ra8+ Rf8 43. f7+ 1-0

[Event "?"]
[Site "?"]
[Date "2016.08.13"]
[Round "2.3"]
[White "Evers, Leo"]
[Black "Scharfenberg, Michael"]
[Result "1/2-1/2"]
[WhiteElo "2054"]
[BlackElo "2196"]
[PlyCount "113"]
[EventDate "2016.??.??"]
[WhiteTeam "SG Porz"]
[BlackTeam "SK Köln-Worringen"]

1. d4 e6 2. e4 c5 3. d5 exd5 4. exd5 d6 5. Bd3 Nf6 6. Nf3 Be7 7. O-O O-O 8. Nc3
Bg4 9. h3 Bh5 10. Bf4 Nbd7 11. Re1 Nb6 12. a4 Kh8 13. Bf1 Ne8 14. a5 Nd7 15. a6
b6 16. Nb5 Bf6 17. c3 Be5 18. Bxe5 Nxe5 19. g4 Nxf3+ 20. Qxf3 Bg6 21. Qe3 f5
22. Qe7 Nf6 23. g5 Ne4 24. Qxd8 Rfxd8 25. h4 Rd7 26. Kg2 Bf7 27. c4 h6 28. f3
Nd2 29. Bd3 Bh5 30. Bxf5 Rdd8 31. Nc7 Rab8 32. Ne6 Re8 33. Kg3 Nxf3 34. Rf1 Ne5
35. b3 Bf7 36. Nc7 Re7 37. Nb5 Rd8 38. Rae1 Be8 39. Nc3 Bd7 40. Bxd7 Rexd7 41.
Nb5 Kg8 42. Nxd6 Nd3 43. Re3 Rxd6 44. Rxd3 hxg5 45. hxg5 b5 46. Ra1 bxc4 47.
bxc4 Kf7 48. Ra5 Rc8 49. Rb3 Kg6 50. Rb7 Ra8 51. Rc7 Kxg5 52. Raxc5 Rxa6 53.
d6+ Kf6 54. d7 Rd8 55. Rd5 Ke6 56. Rd3 Rd6 57. Rxd6+ 1/2-1/2

[Event "?"]
[Site "?"]
[Date "2016.08.13"]
[Round "2.4"]
[White "Gramb, Marius"]
[Black "Lindam, Ingo"]
[Result "1-0"]
[WhiteElo "2128"]
[BlackElo "2078"]
[PlyCount "91"]
[EventDate "2016.??.??"]
[WhiteTeam "Brühler SK"]
[BlackTeam "Kölner SK Dr. Lasker"]

1. d4 Nf6 2. c4 g6 3. Nc3 Bg7 4. e4 d6 5. Be2 O-O 6. Bg5 Na6 7. Qd2 e5 8. d5
Nc5 9. f3 h6 10. Be3 a5 11. Bd1 Nfd7 12. g4 Nb6 13. b3 f5 14. gxf5 gxf5 15. Bc2
Qh4+ 16. Bf2 Qf4 17. Qxf4 exf4 18. Nge2 fxe4 19. fxe4 f3 20. Nd4 Bh3 21. Rg1
Bg2 22. Kd2 Kh8 23. Nf5 Be5 24. Ng3 Rae8 25. Rae1 Bf4+ 26. Kd1 Nbd7 27. Bd4+
Ne5 28. Nf1 Kh7 29. Ng3 Ned3 30. Ref1 Bh3 31. Nf5 Bxf5 32. Rg7+ Kh8 33. Rg5+
Re5 34. Bxe5+ Bxe5 35. Rxf5 Rxf5 36. exf5 Bxc3 37. Bxd3 Nxd3 38. Rxf3 Nb2+ 39.
Kc2 Bf6 40. Rg3 Kh7 41. a4 c6 42. Rg6 Be5 43. Re6 cxd5 44. cxd5 Kg7 45. Rxe5
dxe5 46. Kxb2 1-0

[Event "?"]
[Site "?"]
[Date "2016.08.13"]
[Round "2.5"]
[White "Baltic, Fatih"]
[Black "Bausch, Thomas"]
[Result "1-0"]
[WhiteElo "2103"]
[BlackElo "2037"]
[PlyCount "73"]
[EventDate "2016.??.??"]
[WhiteTeam "SG Bochum"]
[BlackTeam "Pulheimer SC"]

1. e4 c5 2. Nf3 d6 3. d4 cxd4 4. Nxd4 Nf6 5. Nc3 a6 6. Bg5 e6 7. f4 h6 8. Bh4
Qb6 9. Bxf6 gxf6 10. Qd2 Nc6 11. Nb3 Bd7 12. O-O-O O-O-O 13. Kb1 h5 14. g3 Kb8
15. Be2 h4 16. g4 Be7 17. Rhf1 Qc7 18. Qe3 Na5 19. Nxa5 Qxa5 20. Bc4 Qc5 21.
Qd3 Rc8 22. Bb3 Rcg8 23. h3 Rd8 24. Rfe1 Rhf8 25. f5 Rfe8 26. Ne2 Bb5 27. Qd2
Bxe2 28. Qxe2 Bf8 29. Qf3 Bg7 30. a3 Qe5 31. Qf2 Rh8 32. Qb6 Rhe8 33. Qf2 Rh8
34. Qb6 Rhe8 35. Ba4 exf5 36. Bc6 Qe7 37. exf5 1-0

[Event "?"]
[Site "?"]
[Date "2016.08.13"]
[Round "2.6"]
[White "Suvorov, Luca"]
[Black "Schmidt, Johannes"]
[Result "0-1"]
[WhiteElo "1997"]
[BlackElo "2145"]
[PlyCount "56"]
[EventDate "2016.??.??"]
[WhiteTeam "SG Porz"]
[BlackTeam "SC Illingen"]

1. d4 d5 2. c4 c6 3. Nf3 Nf6 4. e3 Bf5 5. Nc3 a6 6. Qb3 b5 7. cxd5 cxd5 8. Ne5
e6 9. Bd3 Bxd3 10. Nxd3 Nc6 11. Bd2 Be7 12. O-O O-O 13. Rac1 Na5 14. Qd1 Qb6
15. b3 Rac8 16. Ne2 Ne4 17. Be1 Nd6 18. Bb4 Nc6 19. Bc5 Qb8 20. Ng3 Rc7 21. Qg4
f5 22. Qe2 g6 23. Rc2 Rfc8 24. Rfc1 a5 25. h3 b4 26. Bxd6 Bxd6 27. Nf1 Na7 28.
Nd2 Rxc2 0-1

[Event "?"]
[Site "?"]
[Date "2016.08.13"]
[Round "2.7"]
[White "Gülsen, Taylan"]
[Black "Paulus, Jeffrey"]
[Result "1-0"]
[WhiteElo "2063"]
[BlackElo "2004"]
[PlyCount "95"]
[EventDate "2016.??.??"]
[WhiteTeam "SG Niederkassel"]
[BlackTeam "SG Porz"]

1. Nf3 c5 2. c4 g6 3. g3 Nc6 4. Bg2 e5 5. O-O Bg7 6. Nc3 Nge7 7. d3 d6 8. Bg5
f6 9. Bd2 O-O 10. Qc1 Rf7 11. Rb1 Be6 12. a3 Qd7 13. b4 Rd8 14. b5 Nd4 15. Nxd4
cxd4 16. Ne4 b6 17. Bb4 Nf5 18. Nd2 Bh6 19. Bc6 Qc8 20. Qb2 Ne7 21. Bg2 Bh3 22.
Ne4 Bxg2 23. Kxg2 Qe6 24. a4 f5 25. Nd2 g5 26. a5 g4 27. axb6 axb6 28. Ra1 Bxd2
29. Bxd2 f4 30. e4 dxe3 31. fxe3 f3+ 32. Kg1 f2+ 33. Rxf2 Rxf2 34. Kxf2 Qf5+
35. Kg1 Rf8 36. Bb4 Qxd3 37. Qd2 Qxc4 38. Bxd6 Rd8 39. e4 Ng6 40. Rd1 Qxe4 41.
Qa2+ Kg7 42. Qa7+ Kh6 43. Qxb6 Ra8 44. Qf2 Rc8 45. Bc5 Qc4 46. Be3+ Kg7 47.
Rd7+ Kg8 48. Qf6 1-0

[Event "?"]
[Site "?"]
[Date "2016.08.13"]
[Round "2.8"]
[White "Schwark, Mario"]
[Black "Spiesberger, Gerhard"]
[Result "1-0"]
[WhiteElo "1958"]
[BlackElo "2063"]
[PlyCount "171"]
[EventDate "2016.??.??"]
[WhiteTeam "SG Kalker/Deutzer"]
[BlackTeam "SC Rottal-Inn"]

1. d4 d6 2. Nf3 Nc6 3. e4 e5 4. d5 Nce7 5. c4 Ng6 6. g3 Nf6 7. Nc3 Be7 8. Bg2
O-O 9. O-O a6 10. a4 Bd7 11. a5 b5 12. axb6 cxb6 13. Qd3 Qc7 14. Be3 Rfc8 15.
Nd2 Ng4 16. Rfc1 Nxe3 17. Qxe3 Qc5 18. Qxc5 bxc5 19. h4 Rcb8 20. Ra2 Rb6 21.
Rca1 Bc8 22. b3 Rab8 23. Kh2 Nf8 24. Bh3 Bb7 25. Ra3 f6 26. Na4 Rb4 27. Nb2 Kf7
28. Nd3 Rb6 29. Nb1 Bd8 30. Nc3 a5 31. Na4 Ra6 32. Ndb2 Bc8 33. Bxc8 Rxc8 34.
Nc3 Ke7 35. Nb5 Nd7 36. Nd3 Raa8 37. f4 Bb6 38. h5 g6 39. h6 exf4 40. gxf4 Rg8
41. Re1 g5 42. e5 dxe5 43. fxe5 f5 44. Nd6 Raf8 45. Nb5 Rg6 46. e6 Rxh6+ 47.
Kg2 Nf6 48. d6+ Ke8 49. Nc7+ Bxc7 50. dxc7 Ke7 51. Nxc5 Rc8 52. Na6 Ne4 53.
Rxa5 Rxe6 54. Rea1 f4 55. Rb5 g4 56. Rb8 f3+ 57. Kf1 Rxc7 58. Nxc7 Rh6 59. Re8+
Kd7 60. Rxe4 Rh1+ 61. Kf2 Rxa1 62. Rxg4 Kxc7 63. Rg7+ Kc6 64. Rxh7 Ra3 65. Rh6+
Kc7 66. Kxf3 Rxb3+ 67. Ke4 Rg3 68. Kd5 Rg5+ 69. Kd4 Rg4+ 70. Kc5 Rg5+ 71. Kb4
Rg1 72. Kb5 Rg5+ 73. c5 Rf5 74. Rh7+ Kc8 75. Kb6 Rf1 76. Rh8+ Kd7 77. c6+ Ke7
78. Kc7 Rb1 79. Rh7+ Ke8 80. Kc8 Rc1 81. c7 Rc2 82. Rh5 Ke7 83. Rd5 Rb2 84. Ra5
Rb1 85. Ra7 Rb2 86. Rb7 1-0

[Event "?"]
[Site "?"]
[Date "2016.08.13"]
[Round "2.9"]
[White "Müdder, Rafael"]
[Black "Arlt, Klaus"]
[Result "0-1"]
[WhiteElo "2030"]
[BlackElo "2054"]
[PlyCount "110"]
[EventDate "2016.??.??"]
[WhiteTeam "Rheydter SV"]
[BlackTeam "Ford SF Köln"]

1. e4 c6 2. Nf3 d5 3. exd5 cxd5 4. Ne5 a6 5. d4 Nf6 6. Bd3 Nc6 7. c3 g6 8. O-O
Bg7 9. Bg5 O-O 10. f4 Ne4 11. Bxe4 dxe4 12. Nd2 Nxe5 13. fxe5 f6 14. Bh4 g5 15.
Bf2 f5 16. g4 e6 17. Qb3 Kh8 18. Nc4 Qd5 19. Nd6 b5 20. gxf5 Qxb3 21. axb3 exf5
22. Ra5 Be6 23. Rfa1 Bxb3 24. Rxa6 Rxa6 25. Rxa6 Bc2 26. e6 f4 27. e7 e3 28.
exf8=Q+ Bxf8 29. Nf7+ Kg7 30. Nxg5 exf2+ 31. Kxf2 Be7 32. Ne6+ Kf6 33. Nxf4+
Kf5 34. Ng2 Bd3 35. Ra7 Bg5 36. Rxh7 Bc1 37. Ne3+ Kf4 38. Nd1 Bxh7 39. b3 Bc2
40. Ke2 Bxb3 41. Nf2 Bc4+ 42. Kd1 Ba3 43. Kd2 Bf8 44. Nd3+ Ke4 45. Ne5 Bb3 46.
Kc1 Ba3+ 47. Kd2 Bd6 48. Nd3 Bc4 49. Nc5+ Bxc5 50. dxc5 Kd5 51. h4 Kxc5 52. h5
Bg8 53. h6 Bh7 54. Kc1 Kc4 55. Kb2 Bg6 0-1

[Event "?"]
[Site "?"]
[Date "2016.08.13"]
[Round "2.10"]
[White "Bussard, Christian"]
[Black "Speck, Stefan"]
[Result "1-0"]
[WhiteElo "2195"]
[BlackElo "2002"]
[PlyCount "61"]
[EventDate "2016.??.??"]
[WhiteTeam "SG Niederkassel"]
[BlackTeam "SC Solingen 28"]

1. e4 c5 2. Nf3 e6 3. d4 cxd4 4. Nxd4 Nc6 5. Be2 Qc7 6. O-O Nf6 7. Nc3 a6 8. a3
Nxd4 9. Qxd4 Bc5 10. Qd3 h5 11. Qg3 Qxg3 12. hxg3 Bd4 13. Bf3 Bxc3 14. bxc3 e5
15. c4 O-O 16. c5 Rb8 17. Rb1 Re8 18. Rb6 Re6 19. Rd1 Rc6 20. Bg5 Nh7 21. Be7
g6 22. Be2 Ra8 23. Bc4 Kg7 24. Rd6 Rxc5 25. Rxg6+ fxg6 26. Bxc5 Nf6 27. Bd6
Nxe4 28. Bxe5+ Kh6 29. Bd3 d6 30. Bxe4 dxe5 31. Rxg6+ 1-0

[Event "?"]
[Site "?"]
[Date "2016.08.13"]
[Round "2.11"]
[White "Freundlieb, Thomas"]
[Black "Whitmire, James David"]
[Result "0-1"]
[WhiteElo "2047"]
[BlackElo "1915"]
[PlyCount "76"]
[EventDate "2016.??.??"]
[WhiteTeam "SG Niederkassel"]
[BlackTeam "PTSVAachen"]

1. d4 Nf6 2. Bf4 d5 3. e3 c5 4. Nc3 e6 5. Nb5 Na6 6. c3 Be7 7. h3 O-O 8. Nf3
Bd7 9. a4 c4 10. Nd2 Bxb5 11. axb5 Nc7 12. b3 Nxb5 13. Qc2 cxb3 14. Qxb3 Nd6
15. Bd3 b6 16. O-O Qd7 17. Ra6 Rfc8 18. Rfa1 Nb7 19. R6a2 Na5 20. Qb2 Bd6 21.
Bg5 Ne8 22. e4 h6 23. Be3 dxe4 24. Bxe4 Rab8 25. Bd3 e5 26. Nb3 Qc6 27. Bd2 Nf6
28. Nxa5 bxa5 29. Qc2 exd4 30. cxd4 Qd5 31. Qa4 Bb4 32. Be3 Ne4 33. Rc2 Nc3 34.
Rxc3 Rxc3 35. Be2 Qb3 36. Qd7 Qb2 37. Re1 Rxe3 38. fxe3 Bxe1 0-1

[Event "?"]
[Site "?"]
[Date "2016.08.13"]
[Round "2.12"]
[White "Berkle, Pascal"]
[Black "Maric, Boris"]
[Result "1/2-1/2"]
[WhiteElo "1908"]
[BlackElo "2047"]
[PlyCount "60"]
[EventDate "2016.??.??"]
[WhiteTeam "SV Erftstadt"]
[BlackTeam "SV Grünfeld"]

1. d4 Nf6 2. c4 e6 3. Nc3 Bb4 4. Qc2 Nc6 5. Nf3 d6 6. Bd2 O-O 7. a3 Bxc3 8.
Bxc3 Qe7 9. e3 e5 10. d5 Nb8 11. Bd3 Nbd7 12. Ng5 h6 13. Nh7 Nxh7 14. Bxh7+ Kh8
15. Bf5 Nb6 16. b3 Qg5 17. g4 Bxf5 18. Qxf5 Qxf5 19. gxf5 a5 20. a4 c6 21. dxc6
bxc6 22. O-O-O Rfd8 23. e4 f6 24. Rd3 d5 25. cxd5 cxd5 26. exd5 Rxd5 27. Rhd1
Rc5 28. Kb2 Kh7 29. Rd8 Ra7 30. Rb8 Nd5 1/2-1/2

[Event "?"]
[Site "?"]
[Date "2016.08.13"]
[Round "2.13"]
[White "Weiler, Wolfgang"]
[Black "Hertling, Jürgen"]
[Result "1-0"]
[WhiteElo "2047"]
[BlackElo "1842"]
[PlyCount "23"]
[EventDate "2016.??.??"]
[WhiteTeam "Godesberger SK"]
[BlackTeam "SF Köln-Mülheim"]

1. e4 e5 2. Nf3 Nc6 3. Be2 Nf6 4. d4 exd4 5. e5 Ng4 6. O-O Ngxe5 7. Nxe5 Nxe5
8. Qxd4 Qe7 9. Nc3 Qc5 10. Qe4 d6 11. Be3 Qc6 12. Bb5 1-0

[Event "?"]
[Site "?"]
[Date "2016.08.13"]
[Round "2.15"]
[White "Esser, Thomas"]
[Black "Engel, Johann"]
[Result "1-0"]
[WhiteElo "2009"]
[BlackElo "1771"]
[PlyCount "101"]
[EventDate "2016.??.??"]
[WhiteTeam "PTSVAachen"]
[BlackTeam "Brühler SK"]

1. d4 Nf6 2. c4 g6 3. g3 Bg7 4. Bg2 O-O 5. Nc3 d6 6. Nf3 c6 7. O-O Nbd7 8. e4
e5 9. h3 Re8 10. Be3 Qe7 11. Qc2 b6 12. d5 cxd5 13. cxd5 Ba6 14. Rfc1 Rec8 15.
Qa4 Bb7 16. Ne1 Nc5 17. Qd1 Qd7 18. b4 Na6 19. Qb3 Rc7 20. Rc2 Rac8 21. Rac1
Qd8 22. Nd3 Bf8 23. a3 Kg7 24. Nb5 Rxc2 25. Rxc2 Rxc2 26. Qxc2 Qb8 27. Qc4 Ne8
28. Qc1 Nac7 29. Nc3 b5 30. Bh6+ Kg8 31. Bxf8 Kxf8 32. Qh6+ Kg8 33. f4 f6 34.
h4 Qd8 35. h5 g5 36. Bh3 Qe7 37. Kg2 a6 38. Bg4 Na8 39. Nd1 gxf4 40. gxf4 Qg7
41. Qxg7+ Kxg7 42. Ne3 h6 43. Bd7 Nac7 44. Nf5+ Kh7 45. Kf3 Ba8 46. Kg4 Bb7 47.
Kh4 Ba8 48. Bc8 Ng7 49. Nxd6 f5 50. Nxf5 exf4 51. Nxf4 1-0

[Event "?"]
[Site "?"]
[Date "2016.08.13"]
[Round "2.16"]
[White "Lambertz, Michael"]
[Black "Langner, Jasper"]
[Result "1-0"]
[WhiteElo "2002"]
[BlackElo "1657"]
[PlyCount "75"]
[EventDate "2016.??.??"]
[WhiteTeam "SF Esch"]
[BlackTeam "Klub Kölner SF"]

1. e4 e5 2. Nf3 Nc6 3. d4 exd4 4. Bc4 Nf6 5. O-O Nxe4 6. Re1 d5 7. Bxd5 Qxd5 8.
Nc3 Qa5 9. Nxe4 Be6 10. Neg5 O-O-O 11. Nxe6 fxe6 12. Rxe6 Bd6 13. Bg5 Rde8 14.
Qe2 Kd7 15. Re4 h6 16. Bd2 Qh5 17. Re1 Rxe4 18. Qxe4 Re8 19. Qh7 Rxe1+ 20. Bxe1
Qf7 21. Bd2 Qe7 22. g3 Bc5 23. Kg2 Bb6 24. c3 Ba5 25. Qd3 Qd6 26. cxd4 Bxd2 27.
Qxd2 Qd5 28. a3 g5 29. h3 Ne7 30. Qd3 c5 31. Kh2 cxd4 32. Nxd4 Kd8 33. Qe3 a6
34. b4 Nc6 35. Ne6+ Kd7 36. Nc5+ Kc7 37. Qc3 Qd4 38. Ne6+ 1-0

[Event "?"]
[Site "?"]
[Date "2016.08.13"]
[Round "2.17"]
[White "Meyer, Stefan"]
[Black "Kemmler, Michael"]
[Result "1-0"]
[WhiteElo "1771"]
[BlackElo "1966"]
[PlyCount "59"]
[EventDate "2016.??.??"]
[WhiteTeam "SV Grevenbroich"]
[BlackTeam "vereinslos"]

1. d4 Nf6 2. c4 g6 3. Nc3 Bg7 4. e4 d6 5. h3 Nbd7 6. Bg5 c5 7. d5 Qa5 8. Bd2
Qb6 9. Nf3 O-O 10. Bd3 e5 11. O-O Nh5 12. Qc2 Nf4 13. Ne2 Nxe2+ 14. Bxe2 Nf6
15. Nh2 Nxe4 16. Qxe4 Qxb2 17. Qe3 f5 18. Nf3 e4 19. Rfb1 Qxa1 20. Rxa1 exf3
21. Rb1 fxe2 22. Qxe2 b6 23. Qe7 Ba6 24. Qxd6 Bxc4 25. Re1 Rf6 26. Qd7 Rf7 27.
Qc6 Rd8 28. Re8+ Rxe8 29. Qxe8+ Bf8 30. d6 1-0

[Event "?"]
[Site "?"]
[Date "2016.08.13"]
[Round "2.18"]
[White "Müdder, Melanie"]
[Black "Frühauf, Norbert"]
[Result "0-1"]
[WhiteElo "1503"]
[BlackElo "1935"]
[PlyCount "98"]
[EventDate "2016.??.??"]
[WhiteTeam "SG Solingen"]
[BlackTeam "SC Rottal-Inn"]

1. e4 d5 2. exd5 Qxd5 3. Nc3 Qd6 4. d4 Nf6 5. Be3 c6 6. Nf3 Bg4 7. h3 Bh5 8.
Be2 e6 9. a3 Nbd7 10. O-O Qc7 11. Ng5 Bxe2 12. Qxe2 Be7 13. Qf3 O-O 14. Rfe1
Nd5 15. Nge4 Nxe3 16. Rxe3 Nb6 17. Qh5 Nd5 18. Rg3 Nf4 19. Qg4 Ng6 20. Qh5 Qb6
21. Ng5 Bxg5 22. Qxg5 Qxd4 23. Rd1 Qf4 24. Rd7 Qxg5 25. Rxg5 Rab8 26. Ne4 Rfd8
27. Rc7 h6 28. Rg3 Rdc8 29. Rd7 Ne5 30. Rd4 Rd8 31. Rb4 b6 32. f4 Ng6 33. Ra4
Rb7 34. Rc4 c5 35. a4 Rbd7 36. c3 Kf8 37. Rf3 Rd1+ 38. Kh2 f5 39. Nf2 R1d2 40.
b4 Nh4 41. Rd3 R8xd3 42. Nxd3 Nxg2 43. Ne5 Ne3+ 44. Kg1 Nxc4 45. Nxc4 Rd3 46.
bxc5 bxc5 47. Ne5 Rxc3 48. Nd7+ Ke8 49. Ne5 Rxh3 0-1

[Event "?"]
[Site "?"]
[Date "2016.08.13"]
[Round "2.19"]
[White "Runte, Dirk"]
[Black "Kiehn, Andreas"]
[Result "0-1"]
[WhiteElo "1758"]
[BlackElo "1926"]
[PlyCount "88"]
[EventDate "2016.??.??"]
[WhiteTeam "Fideler Bauer Leverkusen"]
[BlackTeam "Pulheimer SC"]

1. d4 Nf6 2. c4 e6 3. g3 d5 4. Bg2 Be7 5. Nf3 O-O 6. O-O dxc4 7. Nc3 c6 8. Ne5
Nbd7 9. Nxc4 Nb6 10. b3 Nbd5 11. Bb2 Nxc3 12. Bxc3 Nd5 13. Bb2 b5 14. Ne5 Bb7
15. e4 Nf6 16. Rc1 Qb6 17. Qe2 Rfd8 18. Ng4 Nxg4 19. Qxg4 e5 20. dxe5 Rd2 21.
Bc3 Rxa2 22. e6 f6 23. e5 f5 24. Qh5 Rf8 25. Rcd1 Bc8 26. Rd7 Bxd7 27. exd7 b4
28. Qe8 Qd8 29. Qxd8 Rxd8 30. Bxb4 Bxb4 31. Bxc6 Kf7 32. Bd5+ Ke7 33. e6 Bc5
34. b4 Bxf2+ 35. Rxf2 Rxf2 36. Kxf2 Rb8 37. Ke3 Rxb4 38. Kd3 a5 39. Bc4 g5 40.
Kd4 f4 41. gxf4 gxf4 42. Kc5 Rxc4+ 43. Kxc4 f3 44. Kd3 a4 0-1

[Event "?"]
[Site "?"]
[Date "2016.08.13"]
[Round "2.20"]
[White "Hansel, Rainer"]
[Black "Mandt, Joachim"]
[Result "1/2-1/2"]
[WhiteElo "1919"]
[BlackElo "1790"]
[PlyCount "82"]
[EventDate "2016.??.??"]
[WhiteTeam "SF Köln-Longerich"]
[BlackTeam "SF Stadtverwaltung Bonn"]

1. Nc3 c5 2. Nf3 e6 3. e4 Nc6 4. d4 cxd4 5. Nxd4 Qc7 6. Be3 a6 7. Qd2 b5 8. a3
Bb7 9. Bd3 Rc8 10. O-O Nf6 11. Rad1 Ng4 12. Bf4 Bd6 13. Ndxb5 axb5 14. Nxb5
Bxf4 15. Nxc7+ Bxc7 16. Qg5 Nxh2 17. Qxg7 Ke7 18. Qg5+ Kf8 19. Rfe1 Nf3+ 20.
gxf3 Rg8 21. Qxg8+ Kxg8 22. c4 Bf4 23. Be2 Ne5 24. Rd4 Kf8 25. Kg2 Ke7 26. Rh1
h6 27. Rh5 d6 28. Rh1 Rg8+ 29. Kf1 Ba6 30. b4 Ra8 31. Kg2 Bb7 32. Ra1 Nc6 33.
Rdd1 Be5 34. b5 Nd4 35. Bd3 Rg8+ 36. Kh1 Rg5 37. Ra2 Rh5+ 38. Kg1 Rh2 39. Be2
Nxe2+ 40. Rxe2 f5 41. Rd3 Rh3 1/2-1/2

[Event "?"]
[Site "?"]
[Date "2016.08.13"]
[Round "2.21"]
[White "Lobe, Sandra"]
[Black "Asadzade, Idris"]
[Result "1/2-1/2"]
[WhiteElo "1912"]
[BlackElo "1760"]
[PlyCount "50"]
[EventDate "2016.??.??"]
[WhiteTeam "SK Kerpen"]
[BlackTeam "Königsspringer Leverkusen"]

1. Nf3 Nf6 2. d3 e6 3. e4 d5 4. Nbd2 c5 5. g3 Nc6 6. Bg2 Be7 7. O-O O-O 8. Re1
a6 9. Qe2 Re8 10. e5 Nd7 11. h4 Qc7 12. Nf1 b5 13. N1h2 c4 14. Bf4 a5 15. h5
Ba6 16. Bf1 Rec8 17. Rac1 cxd3 18. cxd3 Qb6 19. Ng4 b4 20. Qd1 Nd4 21. Nh4 Rxc1
22. Bxc1 Rc8 23. Be3 Bc5 24. Bf4 Be7 25. Be3 Bc5 1/2-1/2

[Event "?"]
[Site "?"]
[Date "2016.08.13"]
[Round "2.22"]
[White "Sewald, Kathrin"]
[Black "Liebsch, Felix"]
[Result "1/2-1/2"]
[WhiteElo "1858"]
[BlackElo "1808"]
[PlyCount "41"]
[EventDate "2016.??.??"]
[WhiteTeam "SG Porz"]
[BlackTeam "SC Bayer Leverkusen"]

1. e4 e6 2. f4 d5 3. e5 c5 4. Nf3 Nc6 5. c3 Bd7 6. Na3 a6 7. Nc2 Qc7 8. d3 f6
9. exf6 Nxf6 10. g3 Bd6 11. Bg2 O-O 12. O-O e5 13. fxe5 Nxe5 14. d4 Nxf3+ 15.
Bxf3 Bh3 16. Bg2 Bxg2 17. Kxg2 Ne4 18. Be3 Bxg3 19. Qh5 Nf6 20. Rxf6 Rxf6 21.
Qxd5+ 1/2-1/2

[Event "?"]
[Site "?"]
[Date "2016.08.13"]
[Round "2.23"]
[White "Rudolph, Eva"]
[Black "Hoffmann, Philipp"]
[Result "0-1"]
[WhiteElo "1566"]
[BlackElo "1845"]
[PlyCount "66"]
[EventDate "2016.??.??"]
[WhiteTeam "Düsseldorfer SK"]
[BlackTeam "Oberbilker SV"]

1. e4 c5 2. Nc3 Nc6 3. f4 d6 4. Bb5 Bd7 5. Nf3 a6 6. Bxc6 Bxc6 7. O-O b5 8. d3
g6 9. Qe1 b4 10. Nd1 Bg7 11. f5 Nf6 12. Qh4 gxf5 13. exf5 Qc7 14. Kh1 Qb7 15.
Ne3 Nd7 16. Nc4 Bf6 17. Qg3 Qc7 18. Be3 O-O-O 19. Rfb1 Rhg8 20. Qf2 Ne5 21.
Ncxe5 Bxe5 22. a3 Rg4 23. axb4 Qb7 24. bxc5 Rdg8 25. Rg1 Rxg2 26. Rxg2 Bxf3 27.
Rag1 Bxb2 28. cxd6 exd6 29. c4 a5 30. d4 Rxg2 31. Rxg2 Bxg2+ 32. Qxg2 Qxg2+ 33.
Kxg2 a4 0-1

[Event "?"]
[Site "?"]
[Date "2016.08.13"]
[Round "2.24"]
[White "Schmidt, Bodo"]
[Black "Hajek, Florian"]
[Result "1-0"]
[WhiteElo "1811"]
[BlackElo "1815"]
[PlyCount "123"]
[EventDate "2016.??.??"]
[WhiteTeam "SK Köln-Worringen"]
[BlackTeam "Pulheimer SC"]

1. d4 d5 2. c4 c6 3. e3 Nf6 4. Nc3 Bf5 5. cxd5 cxd5 6. Bb5+ Nbd7 7. Nf3 Bg4 8.
O-O e6 9. Bd2 Bd6 10. Be2 h6 11. Nb5 Be7 12. Ne5 Bxe2 13. Qxe2 Nxe5 14. dxe5
Ne4 15. Rfc1 O-O 16. f3 Nxd2 17. Qxd2 a6 18. Nd4 Qd7 19. Rc2 Rfc8 20. Rac1 Kf8
21. Qd3 Ke8 22. g4 Rxc2 23. Qxc2 Kd8 24. f4 Rc8 25. Qxc8+ Qxc8 26. Rxc8+ Kxc8
27. Kf2 Kd7 28. Ke2 f6 29. f5 fxe5 30. Nxe6 g6 31. e4 dxe4 32. Ke3 gxf5 33.
gxf5 Kd6 34. Kxe4 Bh4 35. Ng7 Ke7 36. Nh5 Kd6 37. Ng3 Bf6 38. Ne2 Bg5 39. Nc3
Bf4 40. h3 b5 41. Nd5 Bc1 42. b3 Bb2 43. Ne3 h5 44. Nd5 a5 45. Nf6 h4 46. Ng4
a4 47. bxa4 bxa4 48. Nh2 Kc5 49. Nf3 Kb4 50. Nxe5 Kc3 51. f6 Ba3 52. f7 Bd6 53.
Ng6 Kb2 54. Kd3 Kxa2 55. Kc2 Ka1 56. Nxh4 Bf8 57. Nf3 a3 58. h4 Bg7 59. h5 Bh6
60. Nd4 Bg7 61. Nb5 Bf8 62. Nxa3 1-0

[Event "?"]
[Site "?"]
[Date "2016.08.13"]
[Round "2.25"]
[White "Rokitta, Uwe"]
[Black "Seidel, Florian"]
[Result "1/2-1/2"]
[WhiteElo "1908"]
[BlackElo "1803"]
[PlyCount "123"]
[EventDate "2016.??.??"]
[WhiteTeam "SF Lohmar"]
[BlackTeam "SK Köln-Worringen"]

1. e4 c5 2. d4 cxd4 3. c3 dxc3 4. Nxc3 e6 5. Nf3 Nc6 6. Bc4 Qc7 7. O-O Nf6 8.
Nb5 Qb8 9. e5 Nxe5 10. Bf4 Nxf3+ 11. Qxf3 d6 12. Rac1 Bd7 13. Rfd1 e5 14. Nc7+
Kd8 15. Bg5 Be7 16. Nxa8 Rf8 17. Nb6 axb6 18. Qb3 Ke8 19. Bb5 h6 20. Be3 d5 21.
Bxb6 Bd6 22. Rc2 Ke7 23. Bxd7 Kxd7 24. Rdc1 Ke7 25. Bc7 Qa8 26. Bxd6+ Kxd6 27.
Qb6+ Ke7 28. Rc7+ Nd7 29. Rxb7 Rd8 30. Qb5 Qxa2 31. h3 f6 32. Rcc7 Qb1+ 33. Kh2
Qf5 34. Qxd5 Qe6 35. Qb5 Qd6 36. Qa4 Qd2 37. Qg4 Qf4+ 38. Qxf4 exf4 39. Rc4 g5
40. b4 Rb8 41. Ra7 Rb6 42. Rcc7 Rd6 43. g3 fxg3+ 44. Kxg3 f5 45. Kf3 Rd3+ 46.
Ke2 Rd6 47. b5 Ke6 48. Ra6 h5 49. Rxd6+ Kxd6 50. Rc6+ Kd5 51. Rh6 h4 52. Rh7
Ne5 53. Rh5 Nf7 54. Rh7 Nd6 55. Rg7 Nxb5 56. Rxg5 Ke4 57. Rh5 Nd4+ 58. Kf1 Nf3
59. Rh8 Kf4 60. Ra8 Ke4 61. Ra4+ Nd4 62. Kg2 1/2-1/2

[Event "?"]
[Site "?"]
[Date "2016.08.13"]
[Round "2.26"]
[White "Stuch, Hans-Ferdinand"]
[Black "Spindler, Florian"]
[Result "0-1"]
[WhiteElo "1773"]
[BlackElo "1906"]
[PlyCount "72"]
[EventDate "2016.??.??"]
[WhiteTeam "SC Bonn Beuel"]
[BlackTeam "SG Porz"]

1. e4 c5 2. Nc3 e6 3. f4 d5 4. exd5 exd5 5. Bb5+ Nc6 6. Bxc6+ bxc6 7. Nf3 Nf6
8. d3 Be7 9. O-O O-O 10. Ne5 Qc7 11. Qe1 Re8 12. Qf2 Ba6 13. b3 Bd6 14. Na4 c4
15. Nc5 Bxc5 16. Qxc5 cxd3 17. cxd3 Re6 18. Bb2 Nd7 19. Nxd7 Qxd7 20. Qd4 f6
21. f5 Re2 22. Rf3 c5 23. Qc3 d4 24. Qc1 Rae8 25. Ba3 Bb7 26. Rg3 Qxf5 27. Qf1
Qe5 28. Bxc5 Qxc5 29. Qxf6 Qe7 30. Qxe7 R8xe7 31. Kf1 Rd2 32. Rc1 Rxa2 33. Rc4
Ra1+ 34. Kf2 Rf7+ 35. Ke2 Ra2+ 36. Ke1 Bxg2 0-1